[Event "ITA-ch U20"]
[Site "Tarvisio"]
[Date "2023.07.05"]
[Round "4"]
[White "Scrimieri, Gabriele"]
[Black "Catalani, Dario"]
[Result "1-0"]
[WhiteElo "1367"]
[BlackElo "1252"]
[PlyCount "67"]
[EventDate "2023.07.02"]
[EventType "swiss"]
[EventRounds "9"]
[EventCountry "ITA"]
[SourceTitle "EXT 2024"]
[Source "ChessBase"]
[SourceDate "2023.10.10"]
[SourceVersion "1"]
[SourceVersionDate "2023.10.10"]
[SourceQuality "1"]

1. e4 e5 2. Nf3 Nf6 3. Nc3 Bb4 4. Bc4 Bxc3 5. dxc3 d6 6. Bg5 0-0 7. Nd2 Be6 8. Qe2 Nbd7 9. h4 c6 10. Rd1 Qb6 11. b3 a6 12. Be3 Qc7 13. f3 d5 14. Bd3 Rac8 15. Rc1 Qb6 16. Rd1 Qc7 17. g4 Qa5 18. b4 Qc7 19. h5 Ne8 20. g5 f5 21. Nb3 f4 22. Bc5 Nd6 23. Qh2 Kh8 24. Bf1 Rfe8 25. Bh3 Nf8 26. g6 h6 27. Bxe6 Nxe6 28. exd5 Nxc5 29. Nxc5 Nb5 30. c4 Nd4 31. Qf2 cxd5 32. cxd5 Nxc2+ 33. Qxc2 b6 34. d6 1-0